| 000 | 00924cam a22003137a 4500 | ||
|---|---|---|---|
| 999 |
_c524374 _d524374 |
||
| 001 | 15808351 | ||
| 003 | NUST | ||
| 005 | 20190620081523.0 | ||
| 008 | 090709s2007 pk 000 0 urd | ||
| 010 | _a 2009362371 | ||
| 020 | _a9789694962818 | ||
| 025 | _aP-U-2009362371; 10 | ||
| 038 | _aوسیم | ||
| 040 |
_aDLC _cDLC _dDLC |
||
| 042 | _alcode | ||
| 050 | 0 | 0 | _aMLCSA 2009/01171 (P) |
| 082 |
_a355.09547 _bSHA |
||
| 100 | 1 |
_aShāh, Ṣafdar ʻAlī, _d1948- _96447 |
|
| 245 | 1 | 0 |
_aFauj melah / _cṢafdar ʻAlī Shāh. |
| 260 |
_aIslāmābād : _bDost Pablīkeshanz, _c2007. |
||
| 300 |
_a160 p. ; _c22 cm. |
||
| 500 | _aWit and humor. | ||
| 546 | _aIn Urdu. | ||
| 880 |
_6100-01\r _aصفدر علی شاہ |
||
| 880 |
_6245-02\r _aفوج میلہ / |
||
| 906 |
_a7 _bcbc _corigode _d4 _encip _f20 _gy-gencatlg |
||
| 942 |
_2ddc _cBK |
||